| 000 | 00652cam a22002055a 4500 | ||
|---|---|---|---|
| 001 | L158582 | ||
| 008 | 150506s2014 xxk f 000 0 eng d | ||
| 020 | _a9781118766309 | ||
| 035 | _a(Sirsi) u158582 | ||
| 041 | 0 | _aeng | |
| 100 | 1 | _aKensek, Karen | |
| 245 | 0 | 0 | _aBuilding information modelling; bim in current and future practice |
| 260 |
_aNew Jersey _bwiley _c2014 |
||
| 520 | _aFeatures chapters on Design Thinking and BIM, BIM Analytics, Comprehensive BIM, Reasoning with BIM, Professional BIM, BIM Speculations | ||
| 521 | _aAdvanced | ||
| 651 | 4 |
_aUnited Kingdom _y |
|
| 690 | _aCONSTRUCTION | ||
| 700 | 1 | _aNoble, Douglas | |
| 942 | _n0 | ||
| 999 |
_c115399 _d115399 |
||